[Event "Ceske Budejovice op"]
[Site "Ceske Budejovice"]
[Date "2024.07.06"]
[Round "8"]
[White "Svanda, Adam"]
[Black "Svejda, Karel"]
[Result "1/2-1/2"]
[WhiteElo "2030"]
[BlackElo "1893"]
[PlyCount "41"]
[EventDate "2024.06.29"]
[EventType "swiss"]
[EventRounds "9"]
[EventCountry "CZE"]
[SourceTitle "CBM 221 Extra"]
[Source "ChessBase"]
[SourceDate "2024.09.30"]
[SourceVersion "1"]
[SourceVersionDate "2024.09.30"]
[SourceQuality "1"]

1. c4 Nf6 2. Nc3 g6 3. g3 Bg7 4. Bg2 c6 5. e4 d5 6. exd5 0-0 7. Nge2 Bf5 8. d4 cxd5 9. Nxd5 Nxd5 10. Bxd5 Nc6 11. Bxc6 bxc6 12. 0-0 Qb6 13. c5 Qa6 14. Be3 Rab8 15. Qd2 Rfd8 16. f4 Rd7 17. b3 Rbd8 18. Rf2 e6 19. Rd1 Bg4 20. Kg2 h5 21. h3 1/2-1/2

[Event "Ceske Budejovice op"]
[Site "Ceske Budejovice"]
[Date "2024.07.03"]
[Round "5"]
[White "Vybiral, Zdenek"]
[Black "Svanda, Adam"]
[Result "1/2-1/2"]
[WhiteElo "2150"]
[BlackElo "2030"]
[PlyCount "92"]
[EventDate "2024.06.29"]
[EventType "swiss"]
[EventRounds "9"]
[EventCountry "CZE"]
[SourceTitle "CBM 221 Extra"]
[Source "ChessBase"]
[SourceDate "2024.09.30"]
[SourceVersion "1"]
[SourceVersionDate "2024.09.30"]
[SourceQuality "1"]

1. c4 c5 2. Nf3 Nc6 3. e3 Nf6 4. Nc3 g6 5. d4 cxd4 6. exd4 d5 7. cxd5 Nxd5 8. Qb3 Nxc3 9. Bc4 Nd5 10. Bxd5 e6 11. Bxc6+ bxc6 12. 0-0 Qd5 13. Qe3 f6 14. Bd2 Kf7 15. Rfc1 Bd6 16. a3 g5 17. Rc2 a5 18. Rac1 Bd7 19. h4 h6 20. Rc5 Bxc5 21. Rxc5 Qd6 22. Bxa5 Rag8 23. h5 Qf4 24. Qd3 Qg4 25. Qa6 Rg7 26. Qb7 Kg8 27. Bd8 Qf4 28. Ra5 Qc1+ 29. Kh2 Qf4+ 30. Kg1 Qc1+ 31. Kh2 Qf4+ 32. Kg1 g4 33. Nh4 g3 34. fxg3 Qe3+ 35. Kf1 Qc1+ 36. Kf2 Qd2+ 37. Kf1 Qd1+ 38. Kf2 Qxd4+ 39. Kf1 Qd3+ 40. Kg1 Qe3+ 41. Kf1 Qc1+ 42. Kf2 Qd2+ 43. Kf1 Qd1+ 44. Kf2 Be8 45. Qc8 Qd2+ 46. Kf1 Qd1+ 1/2-1/2

[Event "CZE-chT2D 2223"]
[Site "Czech Republic"]
[Date "2023.01.22"]
[Round "7.3"]
[White "Svanda, Adam"]
[Black "Voriskova, Anna"]
[Result "1-0"]
[WhiteElo "1904"]
[BlackElo "1743"]
[PlyCount "105"]
[EventDate "2022.10.16"]
[EventType "team-tourn"]
[EventRounds "11"]
[EventCountry "CZE"]
[SourceTitle "EXT 2024"]
[Source "ChessBase"]
[SourceDate "2023.10.10"]
[SourceVersion "1"]
[SourceVersionDate "2023.10.10"]
[SourceQuality "1"]
[WhiteTeam "Policka Stefanydes"]
[BlackTeam "Hradec Kralove Lipky"]
[WhiteTeamCountry "CZE"]
[BlackTeamCountry "CZE"]

1. c4 e5 2. Nc3 Nc6 3. g3 Bc5 4. Bg2 a6 5. e3 d6 6. Nge2 Ba7 7. 0-0 Nge7 8. a3 0-0 9. b4 Ng6 10. Nd5 f5 11. d4 Nce7 12. c5 Kh8 13. Ndc3 c6 14. cxd6 Qxd6 15. dxe5 Qxe5 16. Bb2 Be6 17. Qc2 Qc7 18. Rfd1 Rad8 19. Rxd8 Rxd8 20. Rd1 Ne5 21. Nf4 Bf7 22. a4 Nc4 23. Ba1 Rd7 24. Nce2 Qd8 25. Rxd7 Qxd7 26. Nd4 Bb8 27. Nd3 Qc8 28. Bh3 Ne5 29. Qc5 Nxd3 30. Qxe7 Qe8 31. Qxb7 Be5 32. Bxf5 Bxd4 33. Bxd4 Ne1 34. Qc8 Nf3+ 35. Kg2 Qxc8 36. Bxc8 Bd5 37. Kh3 Kg8 38. Kg4 Nxh2+ 39. Kf4 Bb3 40. Bxa6 Bxa4 41. g4 Bd1 42. Bb7 Nxg4 43. Bxc6 Nxf2 44. b5 Nd3+ 45. Kf5 Nb4 46. Be4 Bb3 47. Bc5 Nd5 48. b6 g6+ 49. Ke5 Nxb6 50. Bxb6 Kf7 51. Bd5+ Bxd5 52. Kxd5 h5 53. Bd8 1-0

[Event "CZE-chT2D 2223"]
[Site "Czech Republic"]
[Date "2022.11.20"]
[Round "3.3"]
[White "Svanda, Adam"]
[Black "Cvetkovic, Dalibor"]
[Result "0-1"]
[WhiteElo "1904"]
[BlackElo "2146"]
[PlyCount "74"]
[EventDate "2022.10.16"]
[EventType "team-tourn"]
[EventRounds "11"]
[EventCountry "CZE"]
[SourceTitle "EXT 2024"]
[Source "ChessBase"]
[SourceDate "2023.10.10"]
[SourceVersion "1"]
[SourceVersionDate "2023.10.10"]
[SourceQuality "1"]
[WhiteTeam "Policka Stefanydes"]
[BlackTeam "Jihlava Gambit"]
[WhiteTeamCountry "CZE"]
[BlackTeamCountry "CZE"]

1. c4 c5 2. g3 g6 3. Bg2 Bg7 4. Nc3 Nc6 5. d3 d6 6. Nf3 Nf6 7. 0-0 0-0 8. d4 cxd4 9. Nxd4 Bd7 10. e3 Rc8 11. b3 a6 12. Bb2 Qa5 13. Nd5 Nxd5 14. cxd5 Nxd4 15. Bxd4 Bxd4 16. Qxd4 Bf5 17. e4 Bd7 18. a4 Qc5 19. Rfd1 Rc7 20. h3 Rfc8 21. Qxc5 Rxc5 22. Rd3 Rc2 23. Rad1 Rb2 24. Rf3 Rcc2 25. Rdd3 Rc1+ 26. Kh2 b5 27. Rc3 Rxc3 28. Rxc3 bxa4 29. bxa4 Bxa4 30. Rc7 Kf8 31. Kg1 Bb5 32. Ra7 Rb1+ 33. Kh2 Re1 34. g4 g5 35. Kg3 Bd3 36. f3 Ra1 37. h4 h6 0-1

[Event "Ceske Budejovice op-A"]
[Site "Ceske Budejovice"]
[Date "2022.07.08"]
[Round "8"]
[White "Svanda, Adam"]
[Black "Wojdyla, Alex"]
[Result "1/2-1/2"]
[WhiteElo "1918"]
[BlackElo "1782"]
[PlyCount "23"]
[EventDate "2022.07.01"]
[EventType "swiss"]
[EventRounds "9"]
[EventCountry "CZE"]
[SourceTitle "CBM 209 Extra"]
[Source "ChessBase"]
[SourceDate "2022.09.30"]
[SourceVersion "1"]
[SourceVersionDate "2022.09.30"]
[SourceQuality "1"]

1. c4 g6 2. g3 Bg7 3. Bg2 c5 4. Nc3 Nc6 5. e3 e6 6. Nge2 Nge7 7. 0-0 0-0 8. d4 cxd4 9. Nxd4 d5 10. cxd5 Nxd4 11. exd4 Nxd5 12. Nxd5 1/2-1/2

[Event "Ceske Budejovice op-A"]
[Site "Ceske Budejovice"]
[Date "2022.07.07"]
[Round "7"]
[White "Slaby, Matej"]
[Black "Svanda, Adam"]
[Result "1/2-1/2"]
[WhiteElo "1796"]
[BlackElo "1918"]
[PlyCount "48"]
[EventDate "2022.07.01"]
[EventType "swiss"]
[EventRounds "9"]
[EventCountry "CZE"]
[SourceTitle "CBM 209 Extra"]
[Source "ChessBase"]
[SourceDate "2022.09.30"]
[SourceVersion "1"]
[SourceVersionDate "2022.09.30"]
[SourceQuality "1"]

1. Nf3 c5 2. c3 Nf6 3. d4 e6 4. e3 b6 5. Nbd2 Bb7 6. Bd3 d5 7. 0-0 Bd6 8. Ne5 Qc7 9. f4 Nc6 10. Qe2 0-0-0 11. Ba6 Ne4 12. Bxb7+ Kxb7 13. Nxc6 Qxc6 14. Nxe4 dxe4 15. a4 a5 16. Bd2 c4 17. Rfb1 Rb8 18. Be1 f5 19. Rd1 Be7 20. Qh5 g6 21. Qh6 Bf6 22. Bh4 Bxh4 23. Qxh4 Rbd8 24. Qh6 Rd7 1/2-1/2

[Event "Ceske Budejovice op-A"]
[Site "Ceske Budejovice"]
[Date "2022.07.04"]
[Round "4"]
[White "Hiermann, Dietmar"]
[Black "Svanda, Adam"]
[Result "1/2-1/2"]
[WhiteElo "2224"]
[BlackElo "1918"]
[PlyCount "187"]
[EventDate "2022.07.01"]
[EventType "swiss"]
[EventRounds "9"]
[EventCountry "CZE"]
[SourceTitle "CBM 209 Extra"]
[Source "ChessBase"]
[SourceDate "2022.09.30"]
[SourceVersion "1"]
[SourceVersionDate "2022.09.30"]
[SourceQuality "1"]

1. e4 d5 2. exd5 Qxd5 3. Nc3 Qd6 4. d4 Nf6 5. Nf3 a6 6. g3 Bg4 7. Bg2 Nc6 8. Bf4 Qb4 9. 0-0 0-0-0 10. Ne2 Bxf3 11. Bxf3 Nxd4 12. Nxd4 Rxd4 13. Qc1 Rxf4 14. a3 Qa4 15. b3 Qd4 16. c3 Qe5 17. gxf4 Qf5 18. Qe3 e6 19. Qa7 c6 20. Rfd1 Kc7 21. Qd4 Bc5 22. Qe5+ Qxe5 23. fxe5 Nd7 24. Re1 Rd8 25. b4 Be7 26. Rad1 g6 27. Re4 h5 28. Be2 Bg5 29. f4 Bh6 30. Kf2 Bf8 31. Red4 Be7 32. Ke3 Bf8 33. Ke4 Be7 34. h3 Kc8 35. R4d2 Kc7 36. Kf3 Bf8 37. a4 Be7 38. b5 a5 39. bxc6 bxc6 40. Rb2 Nc5 41. Rd4 Rd7 42. Rxd7+ Nxd7 43. Bd1 Nc5 44. Bc2 Bd8 45. Rb1 Nd7 46. Ke4 Be7 47. Rf1 Bf8 48. Rf3 Be7 49. Rg3 Kc8 50. Rg2 Kc7 51. Kd4 Nf8 52. Ke3 Bc5+ 53. Kd3 Be7 54. Ke3 Bc5+ 55. Ke2 Be7 56. Kd2 Kd7 57. Bd3 Kd8 58. Kd1 Kc7 59. Ba6 Nd7 60. Bd3 Nf8 61. Kc1 Ba3+ 62. Kd2 Be7 63. f5 exf5 64. Bc4 Nd7 65. Bxf7 Nxe5 66. Bxg6 Nf3+ 67. Ke2 Nh4 68. Rg1 Bc5 69. Rg5 Be7 70. Rxh5 Nxg6 71. Rxf5 c5 72. Kd3 Kc6 73. Ke4 Kd6 74. Rh5 Ke6 75. Rh6 Kf6 76. Rh7 Ke6 77. Kd3 Ne5+ 78. Ke3 Nc4+ 79. Ke4 Nb2 80. h4 Nxa4 81. Kd3 Bf6 82. Kc4 Nb2+ 83. Kb3 Nd1 84. c4 Ne3 85. Ra7 Bxh4 86. Rxa5 Be7 87. Kc3 Bf6+ 88. Kd3 Bd4 89. Ra8 Kf5 90. Re8 Kf4 91. Re4+ Kf3 92. Rxd4 cxd4 93. Kxd4 Nxc4 94. Kxc4 1/2-1/2

[Event "CZE-chT2D 2122"]
[Site "Czech Republic"]
[Date "2022.04.03"]
[Round "11.7"]
[White "Svanda, Adam"]
[Black "Vesely, Tomas"]
[Result "1/2-1/2"]
[WhiteElo "1884"]
[BlackElo "1998"]
[PlyCount "97"]
[EventDate "2021.10.17"]
[EventType "team-tourn"]
[EventRounds "11"]
[EventCountry "CZE"]
[SourceTitle "EXT 2025"]
[Source "ChessBase"]
[SourceDate "2024.10.14"]
[SourceVersion "1"]
[SourceVersionDate "2024.10.14"]
[SourceQuality "1"]
[WhiteTeam "Policka Stefanydes"]
[BlackTeam "Chrudim"]
[WhiteTeamCountry "CZE"]
[BlackTeamCountry "CZE"]

1. c4 c5 2. g3 Nc6 3. Bg2 g6 4. Nc3 Bg7 5. Nf3 d6 6. 0-0 Bf5 7. d3 Qc8 8. e4 Bh3 9. Be3 Bxg2 10. Kxg2 e5 11. Nd5 Nge7 12. Nd2 0-0 13. Rb1 Qd7 14. f4 exf4 15. Bxf4 Nxd5 16. cxd5 Ne5 17. Nc4 Rae8 18. Nxe5 Bxe5 19. Bxe5 Rxe5 20. Rf6 c4 21. dxc4 Rxe4 22. b3 Qe7 23. Rf2 f5 24. Rbb2 Re8 25. Qd2 Qe5 26. Qd3 h5 27. Rbd2 h4 28. Rf3 Re2+ 29. Rxe2 Qxe2+ 30. Qxe2 Rxe2+ 31. Rf2 Rxf2+ 32. Kxf2 hxg3+ 33. hxg3 Kf7 34. Ke3 Kf6 35. Kd4 a5 36. a3 g5 37. b4 b6 38. bxa5 bxa5 39. c5 dxc5+ 40. Kxc5 Ke7 41. d6+ Kd7 42. Kd5 f4 43. gxf4 gxf4 44. Ke4 Kxd6 45. Kxf4 Kd5 46. Ke3 Kc4 47. Kd2 Kb3 48. Kc1 Kxa3 49. Kb1 1/2-1/2

[Event "CZE-chT2D 2122"]
[Site "Czech Republic"]
[Date "2022.03.20"]
[Round "10.7"]
[White "Dedek, Jan"]
[Black "Svanda, Adam"]
[Result "1/2-1/2"]
[WhiteElo "1963"]
[BlackElo "1884"]
[PlyCount "66"]
[EventDate "2021.10.17"]
[EventType "team-tourn"]
[EventRounds "11"]
[EventCountry "CZE"]
[SourceTitle "EXT 2025"]
[Source "ChessBase"]
[SourceDate "2024.10.14"]
[SourceVersion "1"]
[SourceVersionDate "2024.10.14"]
[SourceQuality "1"]
[WhiteTeam "Vysoke Myto"]
[BlackTeam "Policka Stefanydes"]
[WhiteTeamCountry "CZE"]
[BlackTeamCountry "CZE"]

1. d4 Nf6 2. c4 e6 3. Nf3 Bb4+ 4. Bd2 Qe7 5. a3 Bxd2+ 6. Nbxd2 0-0 7. e3 d6 8. Be2 e5 9. Nb1 e4 10. Nfd2 d5 11. Nc3 c6 12. 0-0 Bf5 13. b4 Re8 14. cxd5 cxd5 15. Nb3 b6 16. Rc1 a6 17. Qd2 Nbd7 18. Na4 b5 19. Nac5 Nb6 20. Na5 Nc4 21. Qc3 Nd7 22. Nab3 Ndb6 23. Ra1 Bd7 24. Rfc1 Rec8 25. Nxd7 Qxd7 26. Nc5 Qc6 27. Qb3 a5 28. h3 a4 29. Qc3 f5 30. g3 Rf8 31. h4 Ra7 32. Kg2 g6 33. Rh1 Rg7 1/2-1/2

[Event "Plzen Calliditas op"]
[Site "Plzen"]
[Date "2020.08.30"]
[Round "9"]
[White "Svanda, Adam"]
[Black "Langmajer, Jan"]
[Result "1/2-1/2"]
[WhiteElo "1852"]
[BlackElo "1716"]
[PlyCount "143"]
[EventDate "2020.08.23"]
[EventType "swiss"]
[EventRounds "9"]
[EventCountry "CZE"]
[SourceTitle "CBM 198 Extra"]
[Source "ChessBase"]
[SourceDate "2020.11.30"]
[SourceVersion "1"]
[SourceVersionDate "2020.11.30"]
[SourceQuality "1"]

1. c4 e6 2. g3 d5 3. Bg2 Nf6 4. Nf3 Be7 5. 0-0 0-0 6. b3 Ne4 7. Bb2 Bf6 8. Qc2 Bxb2 9. Qxb2 Qf6 10. Qxf6 Nxf6 11. Nc3 c6 12. d4 Nbd7 13. Nd2 Rd8 14. e3 Nb6 15. Rfd1 a5 16. f4 a4 17. c5 Nbd7 18. Nxa4 Ng4 19. Re1 f5 20. h3 Ngf6 21. Nc3 Kf7 22. a4 Rg8 23. Nf3 h6 24. Ne5+ Nxe5 25. fxe5 Ne4 26. Nxe4 dxe4 27. b4 Bd7 28. Bf1 Ra7 29. Ra3 Rga8 30. Rea1 g5 31. a5 h5 32. a6 bxa6 33. Rxa6 Rxa6 34. Rxa6 Rxa6 35. Bxa6 h4 36. Kf2 Ke7 37. Bc4 Kd8 38. Ba2 Ke7 39. Bb3 Be8 40. Ba4 Kd8 41. g4 fxg4 42. hxg4 Ke7 43. Bb3 Bf7 44. Bc4 Be8 45. Bf1 Kd8 46. Bg2 Bg6 47. Ke2 Kc7 48. Kd2 Kd8 49. Kc3 Kc7 50. Kb3 Kb7 51. Ka4 Ka6 52. Bf1+ Kb7 53. Bh3 Kb8 54. Bg2 Kc7 55. Ka5 Kb7 56. Bf1 Bf7 57. Ka4 Kc7 58. Bh3 Be8 59. Bf1 Bf7 60. Ka5 Kb7 61. b5 cxb5 62. Bxb5 h3 63. Bf1 h2 64. Bg2 Be8 65. Kb4 Bc6 66. Bh1 Ka6 67. Bg2 Kb7 68. Kc3 Ka6 69. Kd2 Kb5 70. Ke1 Kc4 71. Kd2 Kb4 72. Kc2 1/2-1/2

[Event "Plzen Calliditas op"]
[Site "Plzen"]
[Date "2020.08.25"]
[Round "4"]
[White "Novotny, Ondrej"]
[Black "Svanda, Adam"]
[Result "1-0"]
[WhiteElo "2031"]
[BlackElo "1852"]
[PlyCount "83"]
[EventDate "2020.08.23"]
[EventType "swiss"]
[EventRounds "9"]
[EventCountry "CZE"]
[SourceTitle "CBM 198 Extra"]
[Source "ChessBase"]
[SourceDate "2020.11.30"]
[SourceVersion "1"]
[SourceVersionDate "2020.11.30"]
[SourceQuality "1"]

1. e4 d5 2. e5 Bf5 3. d4 e6 4. Nf3 c5 5. c3 Nc6 6. Be2 Qb6 7. 0-0 h6 8. a3 a6 9. b4 cxd4 10. cxd4 g5 11. Be3 Rc8 12. Qd2 f6 13. h3 fxe5 14. dxe5 Qc7 15. Rc1 Bg7 16. Nd4 Qxe5 17. Nxf5 Qxf5 18. Bh5+ Kd7 19. Bg4 Qe5 20. Bc5 Nge7 21. Re1 Qxa1 22. Rxe6 Kd8 23. Qe1 Rc7 24. Rd6+ Ke8 25. Bh5+ Kf8 26. Qe6 Qxb1+ 27. Kh2 Be5+ 28. g3 Qh7 29. Rxd5 Qg7 30. Rd3 Qf6 31. Rf3 Qxf3 32. Bxf3 Bb2 33. Bh5 Rh7 34. Qf5+ Kg8 35. Qe6+ Kf8 36. Qg6 b6 37. Qxh7 Bg7 38. Qg6 Kg8 39. Qe8+ Kh7 40. Bf3 Ng6 41. Be4 Nce5 42. Bd5 1-0

[Event "Prague Summer op-B 7th"]
[Site "Prague"]
[Date "2020.08.13"]
[Round "7"]
[White "Kalvach, Ladislav"]
[Black "Svanda, Adam"]
[Result "0-1"]
[WhiteElo "1761"]
[BlackElo "1852"]
[PlyCount "64"]
[EventDate "2020.08.08"]
[EventType "swiss"]
[EventRounds "9"]
[EventCountry "CZE"]
[SourceTitle "EXT 2021"]
[Source "ChessBase"]
[SourceDate "2020.10.23"]
[SourceVersion "1"]
[SourceVersionDate "2020.10.23"]
[SourceQuality "1"]

1. d4 Nf6 2. c4 g6 3. Nc3 d5 4. Nf3 Bg7 5. Bg5 Ne4 6. Bf4 Nxc3 7. bxc3 c5 8. cxd5 Qxd5 9. Bxb8 Rxb8 10. Qa4+ Bd7 11. Qxa7 0-0 12. Qa3 cxd4 13. cxd4 Bxd4 14. Nxd4 Qxd4 15. Rd1 Qa4 16. Qxa4 Bxa4 17. Rd4 Ra8 18. h4 Rfd8 19. Rxd8+ Rxd8 20. f3 Rd1+ 21. Kf2 Ra1 22. h5 gxh5 23. Rxh5 Rxa2 24. g3 b5 25. Bh3 e6 26. Rh4 Rb2 27. Rd4 b4 28. f4 Bc2 29. Rd8+ Kg7 30. g4 b3 31. f5 exf5 32. gxf5 Ra2 0-1

[Event "Prague Summer op-B 7th"]
[Site "Prague"]
[Date "2020.08.09"]
[Round "2"]
[White "Svanda, Adam"]
[Black "Akerman, Jan"]
[Result "1-0"]
[WhiteElo "1852"]
[BlackElo "1576"]
[PlyCount "109"]
[EventDate "2020.08.08"]
[EventType "swiss"]
[EventRounds "9"]
[EventCountry "CZE"]
[SourceTitle "EXT 2021"]
[Source "ChessBase"]
[SourceDate "2020.10.23"]
[SourceVersion "1"]
[SourceVersionDate "2020.10.23"]
[SourceQuality "1"]

1. c4 e5 2. Nc3 Nf6 3. g3 d6 4. Bg2 Nc6 5. Nf3 Be7 6. 0-0 0-0 7. d3 Rb8 8. Rb1 Re8 9. b4 Bf8 10. b5 Ne7 11. Qa4 Ra8 12. Bg5 Ng6 13. Bxf6 Qxf6 14. b6 Qd8 15. Nd5 Bd7 16. bxc7 Bxa4 17. cxd8Q Rexd8 18. Rxb7 Bc6 19. Rc7 Bxd5 20. cxd5 Rdb8 21. Rfc1 Rb2 22. R7c2 Rab8 23. Nd2 Ne7 24. Nb3 Rxc2 25. Rxc2 Rb5 26. e4 f5 27. Rc7 fxe4 28. dxe4 a6 29. Ra7 Rb6 30. Bf1 Nc8 31. Ra8 Ne7 32. Rxa6 Rxa6 33. Bxa6 Kf7 34. Kg2 Ke8 35. f4 exf4 36. gxf4 Kd7 37. Nd4 g6 38. Ne6 Bh6 39. a4 Nc8 40. a5 Na7 41. Bb7 Ke7 42. a6 Bf8 43. Nd4 Kd7 44. Nc6 Nb5 45. a7 Nxa7 46. Nxa7 Kc7 47. Bc6 Kb6 48. Nb5 Kc5 49. Nc7 Be7 50. Ne6+ Kb6 51. Ng5 h6 52. Nf7 Bf8 53. Kf3 Kc5 54. e5 h5 55. exd6 1-0

[Event "Ceske Budejovice op-B"]
[Site "Ceske Budejovice"]
[Date "2020.07.01"]
[Round "1"]
[White "Svanda, Adam"]
[Black "Roubal, Matyas"]
[Result "1-0"]
[WhiteElo "1870"]
[BlackElo "1443"]
[PlyCount "91"]
[EventDate "2020.07.01"]
[EventType "swiss"]
[EventRounds "9"]
[EventCountry "CZE"]
[SourceTitle "CBM 197 Extra"]
[Source "ChessBase"]
[SourceDate "2020.09.30"]
[SourceVersion "1"]
[SourceVersionDate "2020.09.30"]
[SourceQuality "1"]

1. c4 e6 2. g3 d5 3. Bg2 Nf6 4. Nf3 c5 5. b3 Nc6 6. Bb2 Be7 7. 0-0 0-0 8. e3 b6 9. d3 Bb7 10. a3 dxc4 11. bxc4 Qc7 12. Nc3 a6 13. Qc2 Rad8 14. Rfd1 Nd7 15. Ne2 Bf6 16. Bxf6 Nxf6 17. Qb2 Rfe8 18. Rab1 Nd7 19. Nf4 Na5 20. Ne2 e5 21. e4 Nc6 22. Nc3 Nd4 23. Nd5 Bxd5 24. cxd5 b5 25. Rdc1 Nb6 26. Nxd4 exd4 27. Qxd4 c4 28. dxc4 Nxc4 29. a4 Rb8 30. Bf1 Qe5 31. Rxc4 Rbd8 32. Qxe5 Rxe5 33. axb5 axb5 34. Rxb5 f5 35. exf5 Rxf5 36. Bg2 Kf7 37. Rb7+ Kf8 38. d6 Re5 39. Rc1 Re6 40. d7 Rd6 41. Bh3 Ke7 42. Rc8 Rd1+ 43. Kg2 R8xd7 44. Rxd7+ Rxd7 45. Bxd7 Kxd7 46. Rg8 1-0

[Event "Innsbruck op-B 3rd"]
[Site "Innsbruck"]
[Date "2019.08.30"]
[Round "8"]
[White "Von Lossow, Marcus"]
[Black "Svanda, Adam"]
[Result "0-1"]
[WhiteElo "1683"]
[BlackElo "1755"]
[PlyCount "72"]
[EventDate "2019.08.25"]
[EventType "swiss"]
[EventRounds "9"]
[EventCountry "AUT"]
[SourceTitle "EXT 2020"]
[Source "ChessBase"]
[SourceDate "2019.10.17"]
[SourceVersion "1"]
[SourceVersionDate "2019.10.17"]
[SourceQuality "1"]

1. e4 c6 2. d4 d5 3. e5 Bf5 4. h4 h6 5. Bd3 Bxd3 6. Qxd3 e6 7. Nf3 Qb6 8. 0-0 c5 9. dxc5 Bxc5 10. Nc3 Be7 11. Qb5+ Nd7 12. Qxb6 Nxb6 13. b3 Bc5 14. Nb5 Kd7 15. Rd1 a6 16. Na3 Ne7 17. c4 Kc7 18. cxd5 Nbxd5 19. Bb2 b5 20. Rac1 Kb6 21. Nc2 Rac8 22. Bd4 Bxd4 23. Ncxd4 Nc3 24. Re1 Nxa2 25. Rxc8 Rxc8 26. Nd2 Rc1 27. Rxc1 Nxc1 28. Ne4 Nc6 29. Nxc6 Kxc6 30. Nd6 Nxb3 31. Nxf7 a5 32. Nd8+ Kd5 33. Nf7 a4 34. Nd6 Nd4 35. f4 a3 36. f5 exf5 0-1

[Event "Innsbruck op-B 3rd"]
[Site "Innsbruck"]
[Date "2019.08.29"]
[Round "7"]
[White "Svanda, Adam"]
[Black "Sander, Rolf"]
[Result "0-1"]
[WhiteElo "1755"]
[BlackElo "1976"]
[PlyCount "76"]
[EventDate "2019.08.25"]
[EventType "swiss"]
[EventRounds "9"]
[EventCountry "AUT"]
[SourceTitle "EXT 2020"]
[Source "ChessBase"]
[SourceDate "2019.10.17"]
[SourceVersion "1"]
[SourceVersionDate "2019.10.17"]
[SourceQuality "1"]

1. d4 d5 2. Bf4 c5 3. e3 Nc6 4. c3 Nf6 5. Nf3 Qb6 6. Qb3 c4 7. Qxb6 axb6 8. Be2 Bf5 9. Nbd2 e6 10. 0-0 h6 11. h3 Be7 12. Ne5 Nd7 13. Nxd7 Kxd7 14. f3 Bh7 15. e4 Ra7 16. a3 b5 17. Rac1 Re8 18. Bh2 Bf6 19. e5 Bd8 20. f4 Bb6 21. g4 Nxd4 22. cxd4 Bxd4+ 23. Kg2 Bxb2 24. Rce1 Bc3 25. Rd1 Rxa3 26. Nb1 Bxb1 27. Rxb1 Ra2 28. Kf3 b4 29. Bg1 Kc6 30. Rfd1 Rea8 31. Bxc4 dxc4 32. Rd6+ Kb5 33. Rb6+ Ka4 34. Bc5 b3 35. Rc1 Rc2 36. Rd1 b2 37. Rd7 Ra5 38. Bd4 Rb5 0-1

[Event "Innsbruck op-B 3rd"]
[Site "Innsbruck"]
[Date "2019.08.28"]
[Round "6"]
[White "Walcher, Christian"]
[Black "Svanda, Adam"]
[Result "1-0"]
[WhiteElo "1891"]
[BlackElo "1755"]
[PlyCount "55"]
[EventDate "2019.08.25"]
[EventType "swiss"]
[EventRounds "9"]
[EventCountry "AUT"]
[SourceTitle "EXT 2020"]
[Source "ChessBase"]
[SourceDate "2019.10.17"]
[SourceVersion "1"]
[SourceVersionDate "2019.10.17"]
[SourceQuality "1"]

1. e4 d5 2. exd5 Qxd5 3. Nc3 Qd6 4. d4 Nf6 5. Bc4 c6 6. Nge2 Bf5 7. Bf4 Qd8 8. d5 b5 9. Nd4 bxc4 10. dxc6 Qc8 11. Ncb5 Na6 12. Qe2 Be6 13. c7 Nd5 14. Qe5 Nc5 15. Nc6 Qb7 16. Ncxa7 Nd7 17. Qd4 Nxf4 18. Qxf4 Nb6 19. 0-0-0 h5 20. c8Q+ Rxc8 21. Nxc8 Nd5 22. Qxc4 Qxc8 23. Qxc8+ Bxc8 24. Rxd5 f6 25. Re1 Kf7 26. Rd8 g6 27. Kb1 Bb7 28. Nd6+ 1-0

[Event "CZE-chT U18 Extraliga final-B 1819"]
[Site "Czech Republic"]
[Date "2019.04.13"]
[Round "9.4"]
[White "Sulc, Jakub"]
[Black "Svanda, Adam"]
[Result "1-0"]
[WhiteElo "1658"]
[BlackElo "1840"]
[PlyCount "111"]
[EventDate "2018.10.05"]
[EventType "team-tourn"]
[EventRounds "11"]
[EventCountry "CZE"]
[SourceTitle "EXT 2023"]
[Source "ChessBase"]
[SourceDate "2022.10.05"]
[SourceVersion "1"]
[SourceVersionDate "2022.10.05"]
[SourceQuality "1"]
[WhiteTeam "Novoborsky U18"]
[BlackTeam "Policka Stefanydes (U18)"]
[WhiteTeamCountry "CZE"]
[BlackTeamCountry "CZE"]

1. e4 Nf6 2. e5 Nd5 3. c4 Nb6 4. d4 d6 5. exd6 exd6 6. Nf3 Be7 7. Bd3 0-0 8. 0-0 Bg4 9. Nbd2 Nc6 10. Nb3 Bf6 11. Be3 d5 12. c5 Nc8 13. Be2 N8e7 14. Ne1 Bxe2 15. Qxe2 Nf5 16. Nc2 Re8 17. Qf3 Qd7 18. Rfe1 Re4 19. Qd1 Rae8 20. Qd3 Nxe3 21. Rxe3 Bg5 22. Rxe4 Rxe4 23. a3 Qe8 24. Kf1 b6 25. Re1 f5 26. f3 Rxe1+ 27. Nxe1 g6 28. Nc2 Kf7 29. Qe2 Qxe2+ 30. Kxe2 Ke6 31. g3 Bh6 32. Kd3 Bf8 33. cxb6 axb6 34. Nd2 Na5 35. b4 Nb7 36. Nb3 c5 37. bxc5 bxc5 38. dxc5 Nxc5+ 39. Nxc5+ Bxc5 40. Nd4+ Ke5 41. a4 Kd6 42. a5 Kd7 43. a6 Kc8 44. Ne6 Bg1 45. h3 Bh2 46. g4 fxg4 47. fxg4 h5 48. g5 Kb8 49. Kd4 Ka7 50. Kxd5 Bg3 51. Ke4 Kxa6 52. Nf8 Kb6 53. Nxg6 Kc7 54. Nf4 Bh4 55. g6 Bf6 56. Nxh5 1-0

[Event "CZE-chT2D 1819"]
[Site "Czech Republic"]
[Date "2019.01.27"]
[Round "7.7"]
[White "Kubat, Pavel"]
[Black "Svanda, Adam"]
[Result "1/2-1/2"]
[WhiteElo "2003"]
[BlackElo "1990"]
[PlyCount "101"]
[EventDate "2018.10.14"]
[EventType "team-tourn"]
[EventRounds "11"]
[EventCountry "CZE"]
[SourceTitle "EXT 2022"]
[Source "ChessBase"]
[SourceDate "2021.10.06"]
[SourceVersion "1"]
[SourceVersionDate "2021.10.06"]
[SourceQuality "1"]
[WhiteTeam "Orechov"]
[BlackTeam "Policka Stefanydes"]
[WhiteTeamCountry "CZE"]
[BlackTeamCountry "CZE"]

1. d4 Nf6 2. Bg5 c5 3. c3 e6 4. Nd2 cxd4 5. cxd4 Be7 6. Ngf3 b6 7. e3 Bb7 8. Bd3 0-0 9. 0-0 d6 10. Rc1 Nbd7 11. Qe2 Rc8 12. Ba6 Rxc1 13. Rxc1 Qb8 14. Bxb7 Qxb7 15. Qc4 h6 16. Bh4 Rb8 17. h3 Bf8 18. Bg3 d5 19. Qc6 Qxc6 20. Rxc6 Rb7 21. Rc8 g6 22. Ne5 Nxe5 23. Bxe5 Nd7 24. Bg3 Kg7 25. a3 Be7 26. Kf1 Bf6 27. Nf3 a5 28. Ke2 a4 29. Kd3 b5 30. Rc7 Rxc7 31. Bxc7 Be7 32. Kc3 f6 33. Ne1 Kf7 34. Nd3 Ke8 35. Nf4 Kf7 36. Nd3 Ke8 37. Nb4 Bd8 38. Na6 Be7 39. Ba5 Bd6 40. Bb4 Nb8 41. Nxb8 Bxb8 42. Bc5 Kd7 43. Kb4 Kc6 44. Be7 f5 45. Bf8 h5 46. f4 Bc7 47. h4 Bb6 48. g3 Bd8 49. Bc5 Bc7 50. Bf8 Bd8 51. Bc5 1/2-1/2